000 00298nam a22001097a 4500
008 170105b xxu||||| |||| 00| 0 eng d
020 _a9781416031994
041 _aeng
080 _23RD
_a618.2
245 _aSAUNDERS Comprehensive Review for the NCLEX-RN Examination
_cSILBESTRI, L.A
942 _2udc
_cBK
999 _c2549
_d2549